| 000 | 00518nam a2200217Ia 4500 | ||
|---|---|---|---|
| 008 | 170918s9999 xx 000 0 und d | ||
| 020 | _a9780545067591 | ||
| 050 | _bR154 2006 | ||
| 100 | _aMeadows, Daisy | ||
| 245 | 4 | _aThe fun day faries : | |
| 245 | _bThea the Thursday fairy / | ||
| 245 | _cby Daisy Meadows. | ||
| 260 | _aNew York : | ||
| 260 | _bScholastic, | ||
| 260 | _c2006 | ||
| 300 | _a68 pages : | ||
| 300 | _billustrations : | ||
| 300 | _c19cm. | ||
| 300 | _eRainbow magic. | ||
| 500 | _a750 | ||
| 999 |
_c344162 _d344162 |
||